000 00213nam a22000977a 4500
999 _c12672
_d12672
082 _a657
100 _aSyed Iftikhar Ali
245 _aFinancial Accounting
260 _aPakistan
_bKhalid Petiwala
_c2020
942 _cBK